00278nam a2200109Ia 4500008004100000100002100041245002700062250000800089260004500097300000800142650001800150191201s2011 xx 000 0 und d aBHAKTIVEDANTA,AC 0aBhagavad Gita As it is aRep aN. DelhibBhaktivedanta book trustc2011 a576 aGeneral Books